| 000 | 01288nam a2200313 i 4500 | ||
|---|---|---|---|
| 001 | bg | ||
| 100 | 1 | _aPecyna, Marlena. | |
| 245 | 1 | 0 |
_aKontrola wzorców umownych poza obrotem konsumenckim / _cMarlena Pecyna. |
| 250 | _aStan prawny na 16 grudnia 2002 r. | ||
| 260 |
_aKraków : _b"Zakamycze" : _bPolsko-Niemieckie Centrum Prawa Bankowego UJ [Uniwersytetu Jagiellońskiego], _c2003. |
||
| 300 |
_a185, [1] s. ; _c21 cm. |
||
| 490 | 1 | _aBiblioteka Polsko-Niemieckiego Centrum Prawa Bankowego UJ | |
| 504 | _aBibliogr. | ||
| 650 | 9 |
_aHarmonizacja prawa _zPolska |
|
| 650 | 9 |
_aKonsumenci (ekon.) _xochrona _xprawo _zPolska _ystan na 2002 r. |
|
| 650 | 9 |
_aKonsumenci (ekon.) _xochrona _xprawo wspólnotowe europejskie |
|
| 650 | 9 |
_aWzory umów _xkontrola _zPolska _ystan na 2002 r. |
|
| 650 | 9 |
_aWzory umów _xprawo wspólnotowe europejskie |
|
| 830 | _aBiblioteka Polsko-Niemieckiego Centrum Prawa Bankowego UJ | ||
| 015 | _aPB 18967/2004 | ||
| 020 | _a8373331832 ("Zakamycze") | ||
| 040 | _cBPK | ||
| 041 | 0 | _apol | |
| 080 | _a346.54:347.44](438:4-67) | ||
| 920 | _a83-7333-183-2 ("Zakamycze") | ||
| 942 | _cKS | ||
| 008 | s pl f |000 0 pol | ||
| 999 |
_c46138 _d46138 |
||
| 856 |
_uhttp://koha.tu.koszalin.pl/cgi-bin/koha/opac-detail.pl?biblionumber=46138 _yKatalog online BPK |
||